000 00441nam a2200181Ia 4500
001 8282
005 20260306160557.0
008 260306t2013||||xx |||||||||||||| ||spa||
041 _aESP
082 _a370.1523
_bM26
100 _aMartín Biezma, Concepción
_eAUT
245 0 _aDidáctica de la educación infantil
260 _c2013
300 _a222 páginas :
_c26 cm.
650 _aGEN
654 _aCED
942 _cLIB
_dJUS
_fJUS
_2ddc
_n
999 _c8282
_d8282